Представление документа в формате MARC21

Поле Инд. ПП Название Значение
Тип записи a
Библиографический уровень m
001 Контрольный номер fbacc05b-5a65-4921-a618-13315d61d1c4
005 Дата корректировки 20250827180849.8
008 Кодируемые данные 070404
020 a ISBN 0-521-55967-7
c Цена, тираж 1175.25
040 a Служба первич. каталог. НБ ТвГУ
041 0_ a Код языка текста eng
080 a Индекс УДК 81(031)
084 a Индекс другой классификации/Индекс ББК Ш1я20
090 x Авторский знак C91
a Полочн. индекс Ш1я20
100 1_ a Автор Crystal David
245 00 a Заглавие The Cambridge encyclopedia of language
c Ответственность David Crystal
250 a Основные сведения об издании 2nd ed.
260 0_ a Место издания Cambridge
b Издательство Cambridge university press
c Дата издания 2005
300 a Объем VIII, 480 p.
b Иллюстрации/ тип воспроизводства ill.
500 a Примечание НАСТОЯЩИЙ МАТЕРИАЛ (ИНФОРМАЦИЯ) ПРОИЗВЕДЕН, РАСПРОСТРАНЕН И (ИЛИ) НАПРАВЛЕН ИНОСТРАННЫМ АГЕНТОМ, ЯВЛЯЮЩИМСЯ УЧРЕДИТЕЛЕМ (ЧЛЕНОМ, УЧАСТНИКОМ, РУКОВОДИТЕЛЕМ ИЛИ ЛИЦОМ, ВХОДЯЩИМ В СОСТАВ ОРГАНА ЛИЦ УКАЗАНЫХ В ЧАСТИ 4 СТАТЬИ 9 ФЕДЕРАЛЬНОГО ЗАКОНА «О КОНТРОЛЕ ЗА ДЕЯТЕЛЬНОСТЬЮ ЛИЦ, НАХОДЯЩИХСЯ ПОД ИНОСТРАННЫМ ВЛИЯНИЕМ») ВКЛЮЧЕННОГО В РЕЕСТР ИНОСТРАННЫХ АГЕНТОВ
583 a Действие Получение впервые 68 04.04.2007
k Исполнитель действия Дар Оксфордско-Российского Фонда
650 04 a Основная рубрика Языкознание
x Основная подрубрика Энциклопедии
653 0_ a Ключевые слова Языкознание
a Ключевые слова Лингвистические энциклопедии
a Ключевые слова Оксфордско-Российский фонд
852 41 t Порядковый номер экземпляра 1
p Инвентарный номер 872157
863 t 00165600
888 a Бесплатные
930 a Новая/Ретро иностр
a Новая/Ретро англ
a Новая/Ретро энциклопедии
952 p 68.2007 1175.25 1 872157
c Вид литературы К ин
954 a Дата поступления на обработку 20070424
999 a Подразделение 2 ч.з.